000 01009cam a2200313 4500
008 090401t1998 xxu||||| |||| 00| 0 eng d
020 _a0112430465
035 _a(Sirsi) u89678
041 _aeng
050 _a630.0212
110 _aMinistry of Agriculture Fisheries and Food
245 4 _aThe digest of agricultural census statistics : United Kingdom 1997.
260 _aLondon
_bStationery Office
_c1998
300 _aiv,2,34,36,17p. ; 30cm.
350 _a0
520 _aFrom 1998 edition to be published on MAFF website www.maff.gov.uk/inf/publicns/
650 _aAGRICULTURAL CENSUS
650 _aANIMAL HUSBANDRY
650 _aCROPS
650 _aEMPLOYMENT
650 _aFARMING
650 _aSTATISTICS
690 _aRURAL PRACTICE
710 _aScottish Office
_bAgriculture, Environment and Fisheries Department
_91894
710 _aDepartment of Agriculture for Northern Ireland
_9119
710 _aUnited Kingdom
_bWelsh Office
_91214
942 _n0
948 _c16/11/1998
999 _c97487
_d97487